000 02336nam0a2200337 4500
001 RU\NLR\BIBL_A\012161057
005 20260407114729.0
035 _a(NLR Aleph) 012161057
090 _a12190333
_c12190333
100 _a20191211d1897 |||y0rusy50 ca
101 0 _arus
102 _aRU
105 _ay z 000zy
200 1 _aЕго Превосходительству В.К. Фон-Плеве. Милостивый Государь Вячеслав Константинович. Препровождая при сем копию с моего письма Государственному Контролеру от 29 минувшего Ноября за № 8351, с приложением о разницах между суммами, вырученными по эксплоатации казенных железных дорог за 1892-1895 гг. ...
_fВитте
_gМинистр Финансов. 6 декабря 1897 года. № 8547
210 _a[С.-Петербург
_cб. и.]
_d1897
215 _a1 с.
_d33
300 _aНа стр. 1: DXCVI, 2
309 _aБез тит. л. и обл.
517 1 _aМилостивый Государь, Вячеслав Константинович. Препровождая при сем копию с моего письма Государственному Контролеру от 29 минувшего Ноября за № 8351, с приложением о разницах между суммами, вырученными по эксплоатации казенных железных дорог за 1892-1895 гг. ...
606 1 _aГосударственные доходы
_jДокументы и материалы
_yРоссия
_92334622
_3RU\NLR\AUTH\6601619823
686 3 _aУ26(28)141,011
700 1 _8rus
_7ca
_aВитте
_bС. Ю.
_f1849-1915
_gСергей Юльевич
_3RU\NLR\AUTH\772753
_9112761
702 1 _4570
_8rus
_7ca
_aПлеве
_bВ.К.
_f1846-1904
_gВячеслав Константинович
_3RU\NLR\AUTH\77525
_9110574
712 0 1 _4570
_aРоссия
_bМинистерство финансов
_3RU\NLR\AUTH\889947360
_9390360
852 _aNLR
_j135/294-329(30-1)
942 _cBOOK
980 _aNB